000 00807nam a22002297a 4500
005 20120423112954.0
008 120423t xxu||||| |||| 00| 0 eng d
010 _aENG-105044
020 _a9788181522870
_c750.00
035 _aEN-88577
037 _bDBAD/PUB
040 _aDPL
_bEng
082 _a881
100 _945189
_aSharma, I.K.
245 _aCollected poems of I.K. Sharma :
_cby I.K. Sharma with an introduction by Rita Nath Keshari
_b1970-2010 /
260 _aJaipur
_bBook Enclave
_c2010
270 _aJain Bhawan, Opp. N.E.I., Shanti Nagar
_bJaipur
_e302006
300 _axiii,231p.
_c22cm(Hb)
500 _aIncludes index
942 _2ddc
_cEN
_mSHA
_h881
999 _c65438
_d65438